| 000 | 00000nam##2200000za#4500 |
| 001 | 9.614679 |
| 003 | CaOODSP |
| 005 | 20200327182200 |
| 007 | ta |
| 008 | 150406|1998||||xxc||||| f|0| 0 eng|d |
| 020 | |a0-662-27475-X |
| 040 | |aCaOODSP|beng |
| 043 | |an-cn--- |
| 086 | 1 |aMP32-28/98-24E |
| 110 | 1 |aCanada.|bHuman Resources Development Canada. |bApplied Research Branch. |
| 245 | 10|aGrowing up Canadian: a study of new immigrant children / |cby Morton Beiser et al. |
| 260 | |aOttawa - Ontario : |bHuman Resources Development Canada. |c1998. |
| 300 | |avi, 40p. : |bgraphs, references, tables ; |c28 cm. |
| 490 | 1 |aWorking paper|vW-98-24E |
| 500 | |a"This paper examines data from the National Longitudinal Survey of Children and Youth, focusing on familial factors that mediate the effect of poverty on children's mental health outcomes (conduct disorder, hyperactivity, emotional disorder)."--Executive summary. |
| 520 | 3 |aThis paper examines data from the National Longitudinal Survey of Children and Youth, focusing on familial factors that mediate the effect of poverty on children's mental health outcomes (conduct disorder, hyperactivity, emotional disorder).--Executive summary |
| 563 | |aSoftcover |
| 590 | |a99-01|b1999-01-08 |
| 690 | 07|aImmigrants|2gcpds |
| 690 | 07|aPoverty|2gcpds |
| 690 | 07|aChildren|2gcpds |
| 690 | 07|aSocial policy|2gcpds |
| 720 | 1 |aBeiser, Morton |
| 775 | 08|tÉtude des nouveaux enfants immigrants qui grandissent en tant que Canadiens / |w(CaOODSP)9.625059 |
| 830 | #0|aWorking paper ;|vW-98-24E|w(CaOODSP)9.514795 |
| 986 | |aW-98-24E |